000 00475nmm a22001697a 4500
005 20180803165524.0
008 131217b2008 ||||| |||| 00| 0 eng d
041 _aeng
090 _aLB
_b05876
110 _aCIAT
_94264
245 _aAnnual report 2007 :
_bsharing benefits of agrobiodiversitys
260 _as.l.
_bCIAT
_c2008
300 _a426
_bil., gráficas, cuadros,
_c13 cm
504 _aIncluye referencias
505 _aIncluye tabla de contenido
942 _2z
_cCD-ROM
999 _c8077
_d8077